Safe Trajectory Planning for Maritime Surface Ships (Record no. 3186)

000 -LEADER
fixed length control field 02562nam a22004455i 4500
007 - PHYSICAL DESCRIPTION FIXED FIELD--GENERAL INFORMATION
fixed length control field cr nn 008mamaa
008 - FIXED-LENGTH DATA ELEMENTS--GENERAL INFORMATION
fixed length control field 220325s2022 sz | s |||| 0|eng d
020 ## - INTERNATIONAL STANDARD BOOK NUMBER
International Standard Book Number 9783030977153
-- 978-3-030-97715-3
040 ## - CATALOGING SOURCE
Original cataloging agency IMU Kochi Library
Language of cataloging eng
041 0# - LANGUAGE CODE
Language code of text/sound track or separate title eng
082 04 - DEWEY DECIMAL CLASSIFICATION NUMBER
Classification number 629.8312
Edition number 23
082 04 - DEWEY DECIMAL CLASSIFICATION NUMBER
Classification number 003
Edition number 23
100 1# - MAIN ENTRY--PERSONAL NAME
Personal name Lazarowska, Agnieszka.
245 10 - TITLE STATEMENT
Title Safe Trajectory Planning for Maritime Surface Ships
Medium [electronic resource] /
250 ## - EDITION STATEMENT
Edition statement 1st ed. 2022.
300 ## - PHYSICAL DESCRIPTION
Extent XV, 185 p. 162 illus., 91 illus. in color.
Other physical details online resource.
490 1# - SERIES STATEMENT
Series statement Springer Series on Naval Architecture, Marine Engineering, Shipbuilding and Shipping,
Volume number/sequential designation 13
505 0# - FORMATTED CONTENTS NOTE
Formatted contents note Introduction -- Problem definition -- Methodology for safe trajectory planning -- Deterministic algorithms -- Non-deterministic algorithms -- Registration of navigational data -- Evaluation of algorithms.
520 ## - SUMMARY, ETC.
Summary, etc This book offers a comprehensive review of collision avoidance techniques and safe trajectory planning for manned and unmanned ships, together with extensive information on how to develop and implement algorithms for applications in real-world settings. It describes the most relevant decision-support systems and guidance systems used in the control of marine craft, giving a special emphasis to autonomous vehicles, but also covering manned ones. Thanks to its good balance of theory and practice, and the inclusion of basic explanations of all essential concepts, this book fills an important gap in the literature of marine navigation, providing not only researchers and practitioners with a timely reference guide to safe trajectory planning, but also supporting students and newcomers to the field.
650 #0 - SUBJECT ADDED ENTRY--TOPICAL TERM
Topical term or geographic name as entry element Control engineering.
650 #0 - SUBJECT ADDED ENTRY--TOPICAL TERM
Topical term or geographic name as entry element Marine engineering.
650 #0 - SUBJECT ADDED ENTRY--TOPICAL TERM
Topical term or geographic name as entry element Machine learning.
650 #0 - SUBJECT ADDED ENTRY--TOPICAL TERM
Topical term or geographic name as entry element Robotics.
650 14 - SUBJECT ADDED ENTRY--TOPICAL TERM
Topical term or geographic name as entry element Control and Systems Theory.
650 24 - SUBJECT ADDED ENTRY--TOPICAL TERM
Topical term or geographic name as entry element Marine Engineering.
650 24 - SUBJECT ADDED ENTRY--TOPICAL TERM
Topical term or geographic name as entry element Machine Learning.
650 24 - SUBJECT ADDED ENTRY--TOPICAL TERM
Topical term or geographic name as entry element Robotic Engineering.
830 #0 - SERIES ADDED ENTRY--UNIFORM TITLE
Uniform title Springer Series on Naval Architecture, Marine Engineering, Shipbuilding and Shipping,
Volume number/sequential designation 13
852 ## - LOCATION/CALL NUMBER
Location IMU Kochi Library
856 40 - ELECTRONIC LOCATION AND ACCESS
Uniform Resource Identifier <a href="https://doi.org/10.1007/978-3-030-97715-3">https://doi.org/10.1007/978-3-030-97715-3</a>
904 ## - LOCAL DATA ELEMENT D, LDD (RLIN)
CATALOGER Rudra Ranjan
905 ## - LOCAL DATA ELEMENT E, LDE (RLIN)
VERIFIER Rudra Ranjan
942 ## - ADDED ENTRY ELEMENTS (KOHA)
Item type E-Book
264 #1 -
-- Cham :
-- Springer International Publishing :
-- Imprint: Springer,
-- 2022.
338 ## -
-- online resource
830 #0 - SERIES ADDED ENTRY--UNIFORM TITLE
-- 2194-8453 ;

No items available.



Copyright © All Rights Reserved by Indian Maritime University, Kochi Campus.
For any Suggestions/Query Contact to library or Email: library.kochi@imu.ac.in Ph:(0484)-2989402
(Web OPAC Designed by Rudra Ranjan. Maintained by IMU Kochi Library)

Powered by Koha